EDUCATING MENTALLY RETARDED CHILDREN (Record no. 33489)

MARC details
000 -LEADER
fixed length control field 00287nam a22001337a 4500
003 - CONTROL NUMBER IDENTIFIER
control field SGT
020 ## - INTERNATIONAL STANDARD BOOK NUMBER
International Standard Book Number 9788179100868
082 ## - DEWEY DECIMAL CLASSIFICATION NUMBER
Classification number 371.92,SHA
100 ## - MAIN ENTRY--PERSONAL NAME
Personal name SHAH, S.K.
245 ## - TITLE STATEMENT
Title EDUCATING MENTALLY RETARDED CHILDREN
260 ## - PUBLICATION, DISTRIBUTION, ETC. (IMPRINT)
Place of publication, distribution, etc JAIPUR
Name of publisher, distributor, etc APD
Year of Publication 2023
300 ## - PAGE DESCRIPTION
No. of Pages 190
942 ## - ADDED ENTRY ELEMENTS (KOHA)
Source of classification or shelving scheme Dewey Decimal Classification
Koha item type Books
Holdings
Withdrawn status Lost status Source of classification or shelving scheme Damaged status Use restrictions Not for loan Collection code Home library Current library Shelving location Date acquired Vendor Name Cost, normal purchase price SGTU Bill Number Total Checkouts Full call number Accession No. (Barcode) Date last seen Bill Date Koha item type
    Dewey Decimal Classification   Restricted Access Not For Loan EDUCATION SGT Engineering Library SGT Engineering Library Reference Book 23/01/2026 BRIJWASI BOOK DISTRIBUTORS 1500.00 SGTU IN/BW/000365   371.92,SHA ED5463 23/01/2026 20/12/2025 Books